Computer concepts and C programming for first year B E students of VTU (Record no. 176055)
[ view plain ]
| 000 -LEADER | |
|---|---|
| fixed length control field | 00530nam a2200181Ia 4500 |
| 008 - FIXED-LENGTH DATA ELEMENTS--GENERAL INFORMATION | |
| fixed length control field | 231217s9999 xx 000 0 und d |
| 041 ## - LANGUAGE CODE | |
| Language code of text/sound track or separate title | English |
| 082 ## - DEWEY DECIMAL CLASSIFICATION NUMBER | |
| Classification number | 001.6424C GUN |
| 100 ## - MAIN ENTRY--PERSONAL NAME | |
| Personal name | Gundurao, H K Manjunath,N S Nachappa, M N |
| 245 #0 - TITLE STATEMENT | |
| Title | Computer concepts and C programming for first year B E students of VTU |
| 250 ## - EDITION STATEMENT | |
| Edition statement | 1st ed. |
| 260 ## - PUBLICATION, DISTRIBUTION, ETC. | |
| Date of publication, distribution, etc. | 2002 |
| Name of publisher, distributor, etc. | United |
| Place of publication, distribution, etc. | Mangalore |
| 300 ## - PHYSICAL DESCRIPTION | |
| Extent | 338 |
| 300 ## - PHYSICAL DESCRIPTION | |
| Dimensions | FP521, FP522, FP523, FP524, FP525 |
| 500 ## - GENERAL NOTE | |
| General note | @ |
| 650 ## - SUBJECT ADDED ENTRY--TOPICAL TERM | |
| Topical term or geographic name entry element | Computer,C,programming,:,sem.,BE |
| 942 ## - ADDED ENTRY ELEMENTS (KOHA) | |
| Koha item type | Books |
| Date last seen | Total checkouts | Full call number | Accession number | Price effective from | Category | Lost status | Damaged status | Department | Withdrawn status | Home library | Current library | Shelving location | Entry date | Vendor | Grants | Billdate | Currency symbol | Conversion rate | Discount | Old discount |
|---|---|---|---|---|---|---|---|---|---|---|---|---|---|---|---|---|---|---|---|---|
| 26/01/2024 | 001.6424C GUN | 37611 | 26/01/2024 | Books | MCA | Central Library | Central Library | MCA | 02/08/2005 | Publisher | MCA | 06/07/2007 | RS | 1 |
